| 000 | 01005cab a22002295a 4500 | ||
|---|---|---|---|
| 001 | L140092 | ||
| 008 | 070904s2007 xxk f 000 0 eng d | ||
| 035 | _a(Sirsi) u140092 | ||
| 041 | 0 | _aeng | |
| 100 | 1 | _aLiu, Sing-Cheong | |
| 245 | 0 | 0 |
_aWhat we do and can do for a living _bexpanding the role of the real estate profession |
| 260 | _c2007 | ||
| 490 | 0 |
_aJournal of Property Investment and Finance _v25(5) 2007, 468-481(14) |
|
| 520 | _aPresents the authors' opinions about the impact of globalisation on the real estate profession and some essential changes of real estate business service. Case study from mainland China. Finds that global capital has transformed local property market practices. | ||
| 590 | _aka | ||
| 651 | 4 | _aInternational | |
| 690 | _aMANAGEMENT-BUSINESS MANAGEMENT-PROFESSIONAL PRACTICE PROPERTY-COMMERCIAL PROPERTY-CORPORATE REAL ESTATE-CORPORATE REAL ESTATE MANAGEMENT | ||
| 700 | 1 | _aWang, Mark | |
| 700 | 1 | _aTang, Bo-Sin | |
| 700 | 1 | _aWong, Siu-Wai | |
| 942 | _n0 | ||
| 999 |
_c79190 _d79190 |
||